Judges 19-21 and Ruth : Canon as a Voice of Answerability /

Judges 19-21 is filled with sexual violence, silent victims, and the lack of an ethical response. Utilizing a Bakhtinian-canonical perspective, this book seeks alternative canonical voices of answerability and non-violence through dialogue with the book of Ruth.

محفوظ في:

المؤلف الرئيسي: Matheny, Jennifer M. (مؤلف)

التنسيق: كتاب الكتروني

اللغة: English

منشور في: Leiden ; Boston : Brill, 2022.

سلاسل: Biblical Interpretation Series ; 200.

الموضوعات:

الوصول للمادة أونلاين: Login to view Source

الوسوم: إضافة وسم

لا توجد وسوم, كن أول من يضع وسما على هذه التسجيلة!

رقم الطلب: BS1238.N6

LEADER 02489nam a22004578i 4500
001 BRILL9789004521711
003 nllekb
005 20231230090241.0
006 m d
007 cr un uuuua
008 220630s2022 ne sb 001 0 eng d
020 |a 9789004521711  |q (electronic book) 
020 |a 9789004521704  |q (print) 
024 7 |a 10.1163/9789004521711  |2 DOI 
035 |z (OCoLC)1314429978 
040 |a NL-LeKB  |c NL-LeKB  |e rda 
050 4 |a BS1238.N6 
072 7 |a HRCF1  |2 bicssc 
072 7 |a REL  |x 006090  |2 bisacsh 
082 0 4 |a 222  |2 23 
100 1 |a Matheny, Jennifer M.,  |e author. 
245 1 0 |a Judges 19-21 and Ruth :  |b Canon as a Voice of Answerability /  |c Jennifer M. Matheny. 
246 3 |a Canon as a Voice of Answerability 
264 1 |a Leiden ;  |a Boston :  |b Brill,  |c 2022. 
300 |a 1 online resource. 
336 |a text  |b txt  |2 rdacontent 
337 |a computer  |b c  |2 rdamedia 
338 |a online resource  |2 rdacarrier 
490 1 |a Biblical Interpretation Series ;  |v 200 
504 |a Includes bibliographical references and index. 
520 3 |a Judges 19-21 is filled with sexual violence, silent victims, and the lack of an ethical response. Utilizing a Bakhtinian-canonical perspective, this book seeks alternative canonical voices of answerability and non-violence through dialogue with the book of Ruth. 
520 |a Previous scholarship hints at the connection between Judges 19-21 and Ruth (as set in dialogue), but there has yet to be a study to articulate this relationship. Through a Bakhtinian-canonical perspective, a comparative analysis of these texts unveils intertextual correlations. Lexical and thematic connections include shared idioms, contrasting themes of חרם ("ban") andחסד ("loving-kindness," "covenant-faithfulness"), silence and speech, abuse and potential for abuse, gendered violence and feminine agency. This case-study reveals that Ruth, as a text and as a woman, embodies a voice of answerability to the silenced and abused women in Judges 19-21. 
588 |a Description based on print version record. 
650 0 |a Biblical Interpretations. 
650 0 |a Biblical Studies. 
650 0 |a Hebrew Bible. 
776 0 8 |i Print version:  |t Judges 19-21 and Ruth : Canon as a Voice of Answerability.  |d Leiden ; Boston : Brill, 2022.  |z 9789004521704 
830 0 |a Biblical Interpretation Series ;  |v 200. 
856 4 |z DOI:   |u http://dx.doi.org/10.1163/9789004521711 
942 |2 lcc  |c EBOOK 
999 |c 55235  |d 55235